Đề cương bài giảng khoa học quản lý
Nội dung giới thiệu các chuyên đề về đối tượng và phương pháp nghiên cứu môn khoa học quản lý, vận dụng lý thuyết hệ thống trong quản lý, chức năng quản lý, vận dụng quy luật quản lý và các nguyên tắc quản lý......
Uloženo v:
| Médium: | Kniha |
|---|---|
| Jazyk: | Undetermined |
| Vydáno: |
Hà Nội
Chính trị - Hành chính
2009
|
| Témata: | |
| Tagy: |
Přidat tag
Žádné tagy, Buďte první, kdo otaguje tento záznam!
|
| Thư viện lưu trữ: | Trung tâm Học liệu Trường Đại học Cần Thơ |
|---|
| LEADER | 00918nam a2200205Ia 4500 | ||
|---|---|---|---|
| 001 | CTU_227971 | ||
| 008 | 210402s9999 xx 000 0 und d | ||
| 020 | |c 25000 | ||
| 082 | |a 658 | ||
| 082 | |b Đ250 | ||
| 245 | 0 | |a Đề cương bài giảng khoa học quản lý | |
| 245 | 0 | |c Lê Thế Thịnh ... [et al.] | |
| 260 | |a Hà Nội | ||
| 260 | |b Chính trị - Hành chính | ||
| 260 | |c 2009 | ||
| 520 | |a Nội dung giới thiệu các chuyên đề về đối tượng và phương pháp nghiên cứu môn khoa học quản lý, vận dụng lý thuyết hệ thống trong quản lý, chức năng quản lý, vận dụng quy luật quản lý và các nguyên tắc quản lý... | ||
| 650 | |a Khoa học quản lý,Management science | ||
| 904 | |i QHieu | ||
| 910 | |b dqhieu | ||
| 980 | |a Trung tâm Học liệu Trường Đại học Cần Thơ | ||